000 00382nam a22001697a 4500
005 20160627103437.0
008 160627b xxu||||| |||| 00| 0 eng d
020 _a81-7036-690-9
041 _aeng
082 _b10395
100 _aPinto, Vivek
_92866
245 _aGandhis Vision and Values
260 _bSage
_c2001
300 _a162
650 _aManagement
_9241
942 _cBK
999 _c4144
_d4143